000 01163nam a2200349 a 4500
001 3908981
003 ost
005 20140319125239.0
008 930930s1992 maua j 000 0 eng d
010 _a 91073360
020 _a0590135236
035 _a(OCoLC)25207654
040 _aMsHaU
_cMsHaU
_dCMont
_dDLC
042 _alccopycat
_alcac
050 0 0 _aQA 113
_b.P345 1992
100 1 _aPallotta, Jerry.
_926793
245 1 4 _aThe icky bug counting book /
_cby Jerry Pallotta ; title by Neil Pallotta ; illustrated by Ralph Masiello.
260 _aWatertown, Mass. :
_bCharlesbridge,
_c1992.
300 _a[26] p. :
_bcol. ill. ;
_c21 x 25 cm.
521 _aG4
526 _c620
562 _e1
650 0 _aCounting
_xJuvenile literature.
_926843
650 0 _aInsects
_xJuvenile literature.
_926844
650 1 _aCounting.
_911594
650 1 _aInsects.
_926845
700 1 _aMasiello, Ralph,
_eill.
_926846
906 _a7
_bcbc
_ccopycat
_d2
_eopcn
_f19
_gy-gencatlg
942 _2lcc
_cBK
999 _c47512
_d47512